00649nam a2200169 a 450000100100000000500170001000800410002704000250006808200150009311000830010824500520019126000770024330000200032004900090034095201130034999900170046200002910420200930055332.0110413s1946 dr 000 | spa d aDO-SdBNPbspacBNPHU axxxbR426c1 aRepública Dominicana.bSecretaría de Estado de Relaciones Exteriores9225613aLa cancelación de una misión diplomática. aCiudad Trujillo, República Dominicana :bEditorial La Nación,c1946. a50 p. ;c22 cm. aBNPD 0010718PDaPDbPDcCTd2011-04-13iLF1l0oxxx R426cp29104-10r2020-06-25w2020-06-25yLFPDZNo se presta c28596d28596